000 00715cam a22001931 4500
001 000001040
005 20260205084538.0
008 871110s1965 ve b 000 0 spa
040 _aDO-SdBNP
_bspa
_cBNPHU
082 _a345.06
_bS684c
100 1 _aSola de Pino, Mireya de.
_93598
245 1 3 _aLa confesión en el procedimiento penal venezolano.
260 _aCaracas :
_bUniversidad Central de Venezuela,
_c1965.
300 _a143 p. ;
_c24 cm.
490 0 _aPublicaciones de la Facultad de Derecho, Universidad Central de Venezuela. Colección tesis de doctorado ;
_v6
502 _aTesis -- Univ. Central de Venezuela.
650 0 _aConfesión (Derecho)
_93599
650 0 _aProcedimiento penal
_sVENEZUELA
_9554
999 _c1015
_d1015